000 00392nam a22001457a 4500
020 _a9781441944184
082 _a621.395
100 _aKeating, Michael
245 _aLow power methodology manual for system on chip design
260 _aNew York
_bSpringer
_c2007
300 _a300 p
650 _aSystems on a chip--Low voltage integrated circuits
700 _aMichael Keating
942 _cBK
999 _c11395
_d11395